000 00301nam a2200121Ia 4500
008 250224s9999 xx 000 0 und d
020 _a9781842342596
082 _aJ613.4GAF
100 _aGaff,Jackie
245 0 _aWhy must i wash my hands
942 _cJBK
999 _c475374
_d475374